Fimfárum Jana Wericha : Tři veteráni a šest dalších pohádek
Uloženo v:
| Hlavní autor: | |
|---|---|
| Další autoři: | |
| Médium: | E-audiokniha |
| Jazyk: | Czech |
| Vydáno: |
Praha :
Supraphon,
[2005]
|
| Témata: | |
| Tagy: |
Žádné tagy |
| LEADER | 02336nim a2200553 i 4500 | ||
|---|---|---|---|
| 001 | 313203 | ||
| 003 | CZ PrSKC | ||
| 005 | 20260601215737.0 | ||
| 007 | sd fmngnnmmned | ||
| 008 | 160627t20051960xr nnnnj fh n cze d | ||
| 024 | 1 | |a 099925566029 | |
| 024 | 3 | |a 0999255660292 | |
| 028 | 0 | 1 | |a SU 5660-2 |b Supraphon |
| 040 | |a CBA001 |b cze |e rda | ||
| 072 | 7 | |a 821-93 |x Literatura pro děti a mládež (beletrie) |2 Konspekt | |
| 072 | 7 | |a 821.162.3-3 |x Česká próza |2 Konspekt | |
| 080 | |a 821.162.3-34 |2 MRF | ||
| 080 | |a (086.7.053.2) |2 MRF | ||
| 080 | |a (086.76) |2 MRF | ||
| 100 | 1 | |a Werich, Jan, |d 1905-1980 |7 jk01151601 |4 aut | |
| 245 | 1 | 0 | |a Fimfárum Jana Wericha : |b Tři veteráni a šest dalších pohádek |
| 246 | 3 | 0 | |a Tři veteráni a šest dalších pohádek |
| 264 | 1 | |a Praha : |b Supraphon, |c [2005] | |
| 264 | 4 | |c ℗2005 | |
| 300 | |a 2 CD audio (60:21 ; 67:28) ; |c 12 cm + |e 2 přílohy | ||
| 306 | |a 010021 |a 010728 | ||
| 336 | |a mluvené slovo |b spw |2 rdacontent | ||
| 337 | |a audio |b s |2 rdamedia | ||
| 338 | |a audiodisk |b sd |2 rdacarrier | ||
| 344 | |a digital |2 rda | ||
| 347 | |a audio soubor |b CD audio |2 rda | ||
| 500 | |a Výběr a sestava této kompilace Jiří Tušl | ||
| 500 | |a Původní fonogramy 1960, 1961, 1964 a 2005 Supraphon | ||
| 500 | |a Název z disku | ||
| 505 | 0 | |a Tři veteráni -- Královna Koloběžka první -- O rybáři a jeho ženě -- Jak na Šumavě obři vyhynuli -- Král měl tři syny -- Líná pohádka -- Chlap, děd, vnuk, pes a hrob | |
| 508 | |a Režie Josef Cincibus | ||
| 511 | 0 | |a Vypravuje Jan Werich | |
| 518 | |a Všechny snímky byly natočeny ve studiu Lucerna v Praze v letech 1960 - 1963 | ||
| 650 | 0 | 4 | |a mluvené slovo |
| 655 | 7 | |a české pohádky |7 fd133970 |2 czenas | |
| 655 | 7 | |a zvukové záznamy pro děti a mládež |7 fd186726 |2 czenas | |
| 655 | 7 | |a audioknihy |7 fd119452 |2 czenas | |
| 655 | 7 | |a kompaktní disky |7 fd201991 |2 czenas | |
| 700 | 1 | |a Cincibus, Josef, |d 1906-1980 |7 jk01020729 |4 drt | |
| 900 | |a CBA001 |b 17 | ||
| 044 | |a xr | ||
| 910 | |a RBIT002 | ||
| 998 | |d 393770 |a https://core.palmknihy.cz/api/books/393770/cover?s5pe0d |b https://core.palmknihy.cz/api/books/393770/cover/400?s5pe0d |c https://core.palmknihy.cz/api/books/393770/cover/50?s5pe0d |e 2099-01-01 |i 099925566029 |l 7711 |q 49 |r 1 |s https://www.palmknihy.cz/kniha/393770 |t audiobook |y 2005 |z 0 | ||
| 999 | |d 313201 | ||